Southville International School and Colleges
Your cart is empty.
  • Cart
  • Lists
    Public lists Eva Luna New books Lux_list list_1
    Your lists Log in to create your own lists
  • Log in to your account
  • Your cookies
  • Search history
Southville International School and Colleges
  • Advanced search
  • Recent comments
  • Most popular
  • Libraries

Log in to your account

Log in with GOOGLE


If you do not have an external account, but do have a local account, you can still log in:

  1. Home
  2. MARC view: Information systems essentials /
Normal view MARC view ISBD view

Information systems essentials / (Record no. 296240)

[ view plain ]
MARC details
000 -LEADER
fixed length control field 00765nam a2200253 a 4500
003 - CONTROL NUMBER IDENTIFIER
control field SISC
005 - DATE AND TIME OF LATEST TRANSACTION
control field 20160711143056.0
008 - FIXED-LENGTH DATA ELEMENTS--GENERAL INFORMATION
fixed length control field 091116s19uu xx 00 eng d
020 ## - INTERNATIONAL STANDARD BOOK NUMBER
International Standard Book Number 9780071285490
020 ## - INTERNATIONAL STANDARD BOOK NUMBER
International Standard Book Number 9789814698863
050 ## - LIBRARY OF CONGRESS CALL NUMBER
Classification number T 58.6
Item number .R462 2015
100 ## - MAIN ENTRY--PERSONAL NAME
Personal name Reynolds, George.
245 ## - TITLE STATEMENT
Title Information systems essentials /
Statement of responsibility, etc George Reynolds, Ralph M. Stair.
250 ## - EDITION STATEMENT
Edition statement 7th edition.
260 ## - PUBLICATION, DISTRIBUTION, ETC. (IMPRINT)
Place of publication, distribution, etc Andover :
Name of publisher, distributor, etc Cengage Learning,
Date of publication, distribution, etc 2015.
300 ## - PHYSICAL DESCRIPTION
Extent xxxii, 522 pages :
Other physical details illustrations ;
Dimensions 27 cm.
500 ## - GENERAL NOTE
General note Includes bibliographical references, glossary and index.
650 ## - SUBJECT ADDED ENTRY--TOPICAL TERM
Topical term or geographic name as entry element Information system.
650 ## - SUBJECT ADDED ENTRY--TOPICAL TERM
Topical term or geographic name as entry element Information technology.
700 ## - ADDED ENTRY--PERSONAL NAME
Personal name Stair, Ralph M.
942 ## - ADDED ENTRY ELEMENTS (KOHA)
Koha item type Books
Source of classification or shelving scheme Library of Congress Classification
Call number prefix Foreign
Holdings
Withdrawn status Lost status Source of classification or shelving scheme Damaged status Home library Current library Shelving location Date acquired Source of acquisition Total Checkouts Full call number Barcode Date last seen Price effective from Koha item type
    Library of Congress Classification   College Library College Library Graduate Section 07/11/2016 Library Fund   T 58.6 .R462 2015 C20608 05/15/2018 07/11/2016 Books

Information systems essentials /

APA

Reynolds G., Stair R. M., . (2015). Information systems essentials. Andover: Cengage Learning.

Chicago

Reynolds George, Stair Ralph M, . 2015. Information systems essentials. Andover: Cengage Learning.

Harvard

Reynolds G., Stair R. M., . (2015). Information systems essentials. Andover: Cengage Learning.

MLA

Reynolds George, Stair Ralph M, . Information systems essentials. Andover: Cengage Learning. 2015.

  • Place hold
  • Print
  • Cite
  • Add to your cart (remove)
  • Save record
    BIBTEX Dublin Core MARCXML MARC (non-Unicode/MARC-8) MARC (Unicode/UTF-8) MARC (Unicode/UTF-8, Standard) MODS (XML) RIS
  • More searches
    Search for this title in:
    Other Libraries (WorldCat) Other Databases (Google Scholar) Online Stores (Bookfinder.com) Open Library (openlibrary.org)

Exporting to Dublin Core...

SOUTHVILLE LIBRARY

Southville International School and Colleges Library

1281 Tropical Ave. Cor. Luxembourg St., BF Homes International, Las Pinas City

Tel. No. 8256374 / 252358 Loc. 117/146

Powered by Koha